Origin and culture of Nagas / (Record no. 2471)

MARC details
000 -LEADER
fixed length control field 00841cam a2200277 a 4500
001 - CONTROL NUMBER
control field 3365014
003 - CONTROL NUMBER IDENTIFIER
control field GBCCL
005 - DATE AND TIME OF LATEST TRANSACTION
control field 20241126110430.0
008 - FIXED-LENGTH DATA ELEMENTS--GENERAL INFORMATION
fixed length control field 860523s1985 ii abfj b 000 0 eng
010 ## -
-- 86900896
020 ## - INTERNATIONAL STANDARD BOOK NUMBER
Terms of availability Rs148.00
025 ## - OVERSEAS ACQUISITION NUMBER
Overseas acquisition number I E 52311
040 ## - CATALOGING SOURCE
Original cataloging agency DLC
Transcribing agency DLC
Modifying agency DLC
043 ## -
-- a-ii---
050 00 -
-- DS432.N3
-- S55 1985
082 00 - DEWEY DECIMAL CLASSIFICATION NUMBER
Classification number 306.08995
Item number SHI
100 1# - MAIN ENTRY--PERSONAL NAME
Personal name Shimray, R. R.,
Dates associated with a name 1936-
9 (RLIN) 5130
245 10 - TITLE STATEMENT
Title Origin and culture of Nagas /
Statement of responsibility, etc. R.R. Shimray.
260 ## - PUBLICATION, DISTRIBUTION, ETC.
Place of publication, distribution, etc. New Delhi :
Name of publisher, distributor, etc. Pamleiphi Shimray,
Date of publication, distribution, etc. 1985.
300 ## - PHYSICAL DESCRIPTION
Extent xvi, 290 p., [16] p. of plates :
Other physical details ill., geneal. table, map ;
Dimensions 23 cm.
500 ## - GENERAL NOTE
General note Map on lining paper.
504 ## - BIBLIOGRAPHY, ETC. NOTE
Bibliography, etc. note Includes bibliographical references.
650 #0 - SUBJECT ADDED ENTRY--TOPICAL TERM
Topical term or geographic name entry element Naga (South Asian people)
9 (RLIN) 3139
906 ## - LOCAL DATA ELEMENT F, LDF (RLIN)
a 7
b cbc
c orignew
d 3
e ncip
f 19
g y-gencatlg
942 ## - ADDED ENTRY ELEMENTS (KOHA)
Source of classification or shelving scheme Dewey Decimal Classification
Koha item type Books
Koha issues (borrowed), all copies 5
Holdings
Withdrawn status Lost status Source of classification or shelving scheme Damaged status Not for loan Home library Current Library Shelving location Date acquired Total checkouts Full call number Barcode Date last seen Date last checked out Copy number Price effective from Koha item type
    Dewey Decimal Classification     GRACE BIBLE COLLEGE GRACE BIBLE COLLEGE North East Collection 2017-08-16 6 306.08995 SHI 001622 2025-05-01 2025-01-15 c.1 2017-08-16 Books
© Grace Bible College Library 2025